Statistics for NBA 2K20 Fastest Players

Click here to take the quiz!

General Stats

  • This quiz has been taken 391 times
  • The average score is 11 of 18

Answer Stats

SpdSpd w/ BallTeamAnswer% Correct
9797Sacramento KingsDe'Aaron Fox
97%
9292Memphis GrizzliesJa Morant
93%
9292Washington WizardsJohn Wall
91%
9696Houston RocketsRussell Westbrook
90%
8989Houston RocketsJames Harden
87%
9683Utah JazzDonovan Mitchell
82%
8988Los Angeles LakersLeBron James
82%
8787Portland Trail BlazersDamian Lillard
79%
9086Milwaukee BucksGiannis Antetokounmpo
76%
9384Philadelphia 76ersBen Simmons
72%
9090Cleveland CavaliersDarius Garland
62%
8988Cleveland CavaliersCollin Sexton
61%
8686Detroit PistonsDerrick Rose
37%
9488San Antonio SpursDerrick White
33%
8888Washington WizardsIsh Smith
22%
9477San Antonio SpursLonnie Walker
20%
9681Minnesota TimberwolvesJosh Okogie
11%
8784Los Angeles ClippersLandry Shamet
10%

Score Distribution

Percentile by Number Answered

Percent of People with Each Score

Your Score History

You have not taken this quiz